Research methods knowledge base / (Record no. 48803)

MARC details
000 -LEADER
fixed length control field 00550nam a22001697a 4500
008 - FIXED-LENGTH DATA ELEMENTS--GENERAL INFORMATION
fixed length control field 170220b xxu||||| |||| 00| 0 eng d
020 ## - INTERNATIONAL STANDARD BOOK NUMBER
International Standard Book Number 9780970138590
050 ## - LIBRARY OF CONGRESS CALL NUMBER
Classification number Q180.55
Item number .M4T76 2001
100 ## - MAIN ENTRY--PERSONAL NAME
Personal name Trochim, William M. K.
245 ## - TITLE STATEMENT
Title Research methods knowledge base /
Statement of responsibility, etc William M.K. Trochim.
250 ## - EDITION STATEMENT
Edition statement 2nd ed.
260 ## - PUBLICATION, DISTRIBUTION, ETC. (IMPRINT)
Place of publication, distribution, etc Cincinnati, OH :
Name of publisher, distributor, etc Atomic Dog Pub.,
Date of publication, distribution, etc 2001.
300 ## - PHYSICAL DESCRIPTION
Extent ix, 363 p. :
Other physical details ill. ;
Dimensions 28 cm.
500 ## - GENERAL NOTE
General note Includes bibliographical references and index.
650 ## - SUBJECT ADDED ENTRY--TOPICAL TERM
Topical term or geographic name as entry element Research
General subdivision Methodology.
942 ## - ADDED ENTRY ELEMENTS (KOHA)
Source of classification or shelving scheme Library of Congress Classification
Item type Book
Holdings
Withdrawn status Lost status Source of classification or shelving scheme Damaged status Not for loan Collection code Home library Current library Shelving location Date acquired Source of acquisition Cost, normal purchase price Total Checkouts Total Renewals Full call number Barcode Date last seen Date last borrowed Copy number Price effective from Koha item type
    Library of Congress Classification     Non-fiction Bishop Okullu Memorial Library (Limuru Campus) Bishop Okullu Memorial Library (Limuru Campus) General Circulation 20/02/2017 Doation-BFA 1000.00 9 2 Q180.55 .M4T76 2001 050856 14/04/2025 28/03/2025 1 20/02/2017 Book